| 000 | 00718nam a22002177a 4500 | ||
|---|---|---|---|
| 005 | 20250711124100.0 | ||
| 010 | _aENG-145935 | ||
| 020 |
_a9789391772239 _c350.00 |
||
| 035 | _aEN-129467 | ||
| 037 | _bDBAD | ||
| 082 |
_a006.3 _21 |
||
| 100 |
_aNanivadekar, Sameer Suresh _982932 |
||
| 245 |
_aArtificial Intelligence/ _cSameer Suresh Nanivadekar; Sangram Savargave [and] Rahul Ambekar |
||
| 250 | _a1 | ||
| 260 |
_aChennai _bForschung Publications _c2022 |
||
| 270 |
_aMogappair _bChennai _k9626166683 _mforchungpublications@gmail.com |
||
| 300 |
_a168p. _c24cm(pb) |
||
| 700 |
_aSavargave, Sangram _eAuthor _982927 |
||
| 700 |
_aAmbekar, Rahul _eAuthor _982933 |
||
| 942 |
_2ddc _cEN _h006.3 _mART |
||
| 999 |
_c212341 _d212341 |
||